000 00395nam a22001697a 4500
005 20160503121520.0
008 160503b xxu||||| |||| 00| 0 eng d
020 _a81-7446213-6
041 _aeng
082 _b1203
100 _aRao V.S.P.
_9408
245 _aHuman Resaurce Management
260 _aNew Delhi
_bExcel Books,
_c2004
300 _a637
650 _aManagement
_9241
942 _cBK
999 _c485
_d485